Sports Quiz

Random Sports or NFL Quiz
Score 0/23 Timer 10:00
0 Plays Today
Team (w/most INTs) Player % Correct
PackersCharles Woodson
90.1%
SteelersRod Woodson
86.2%
RavensEd Reed
74.4%
49ersRonnie Lott
59.9%
Cardinals (Chicago)Dick Lane
51.8%
PackersDarren Sharper
48.9%
RedskinsDarrell Green
41.3%
SteelersMel Blount
37.8%
VikingsPaul Krause
37.6%
Cardinals (Arizona)Aeneas Williams
36.5%
SeahawksDave Brown
25.7%
RaidersWillie Brown
25.7%
Team (w/most INTs) Player % Correct
LionsDick LeBeau
23.2%
ChiefsEmmitt Thomas
20.9%
GiantsEmlen Tunnell
17.9%
EaglesEric Allen
16.3%
CowboysEverson Walls
14.4%
LionsLem Barney
12.8%
ChiefsJohnny Robinson
11.5%
SeahawksEugene Robinson
11.5%
BengalsKen Riley
9.2%
Cardinals (St. Louis)Pat Fischer
4.6%
ColtsBobby Boyd
3%
Remove Ads.
Support Sporcle.
Get the best of Sporcle when you Go Orange. This ad-free experience offers more features, more stats, and more fun while also helping to support Sporcle. Thank you for becoming a member.

You're not logged in!

Compare scores with friends on all Sporcle quizzes.
OR
Log In

Show Comments

Extras

Top Quizzes Today


Score Distribution

Your Account Isn't Verified!

In order to create a playlist on Sporcle, you need to verify the email address you used during registration. Go to your Sporcle Settings to finish the process.

Report this User

Report this user for behavior that violates our Community Guidelines.

Details: